Gracie Abrams - Chansons dans des films et séries - Statistiques

Statistiques générales
  • Ce quiz a été pris 16 fois
    13 depuis la dernière actualisation
  • Le résultat moyen est 6 sur 12
Statistiques - réponses
Catégories Années Films/séries + chansons % Correct
Séries 2023-2025 Cedar / Let It Happen
89%
Séries 2025 us. / Everywhere, Everything
78%
Séries 2025 L'été où je suis devenue jolie
67%
Séries 2020-2021 Stay / Friend / I miss you, I’m sorry
67%
Séries 2023-2025 The Buccaneers
67%
Séries 2023 I miss you, I’m sorry
56%
Séries 2024 Close To You
33%
Séries 2023 Ginny & Georgia
33%
Séries 2020 Stay
33%
Séries 2020 Dash & Lily
22%
Séries 2024 Emily in Paris
22%
Séries 2020-2021 De celles qui osent
11%
Aucun quiz correspondant
Distribution des résultats
% des personnes avec chaque résultat
Percentile par nombre de réponses
Votre historique - résultats
Vous n’avez pas pris ce quiz depuis la dernière actualisation